|
|
|
|
| LEADER |
03073nam a22004815i 4500 |
| 001 |
978-3-642-15334-1 |
| 003 |
DE-He213 |
| 005 |
20151111132129.0 |
| 007 |
cr nn 008mamaa |
| 008 |
110103s2011 gw | s |||| 0|eng d |
| 020 |
|
|
|a 9783642153341
|9 978-3-642-15334-1
|
| 024 |
7 |
|
|a 10.1007/978-3-642-15334-1
|2 doi
|
| 040 |
|
|
|d GrThAP
|
| 050 |
|
4 |
|a QD410-412.5
|
| 072 |
|
7 |
|a PNND
|2 bicssc
|
| 072 |
|
7 |
|a SCI013040
|2 bisacsh
|
| 082 |
0 |
4 |
|a 547.05
|2 23
|
| 245 |
1 |
0 |
|a Iridium Catalysis
|h [electronic resource] /
|c edited by Pher G. Andersson.
|
| 264 |
|
1 |
|a Berlin, Heidelberg :
|b Springer Berlin Heidelberg,
|c 2011.
|
| 300 |
|
|
|a XII, 236 p.
|b online resource.
|
| 336 |
|
|
|a text
|b txt
|2 rdacontent
|
| 337 |
|
|
|a computer
|b c
|2 rdamedia
|
| 338 |
|
|
|a online resource
|b cr
|2 rdacarrier
|
| 347 |
|
|
|a text file
|b PDF
|2 rda
|
| 490 |
1 |
|
|a Topics in Organometallic Chemistry,
|x 1436-6002 ;
|v 34
|
| 505 |
0 |
|
|a Robert H Crabtree: Introduction and History -- Montserrat Diéguez, Oscar Pàmies and Carmen Claver: Iridium-catalysed hydrogenation using phosphorous ligands -- David H. Woodmansee and Andreas Pfaltz: Iridium Catalyzed Asymmetric Hydrogenation of Olefins with Chiral N,P and C,N Ligands -- Ourida Saidi and Jonathan M J Williams: Iridium-catalyzed Hydrogen Transfer Reactions -- John F. Bower and Michael J. Krische: Formation of C-C Bonds via Iridium Catalyzed Hydrogenation and Transfer Hydrogenation -- Jongwook Choi, Alan S. Goldman: Ir-Catalyzed Functionalization of CH Bonds -- Mark P. Pouy and John F. Hartwig: Iridium-Catalyzed Allylic Substitution -- Luis A. Oro and Daniel Carmona: Iridium-catalysed 1.3-dipolar cycloadditions.
|
| 520 |
|
|
|a From the contents: Robert H Crabtree: Introduction and History. - Montserrat Diéguez, Oscar Pàmies and Carmen Claver: Iridium-catalysed hydrogenation using phosphorous ligands. - David H. Woodmansee and Andreas Pfaltz: Iridium Catalyzed Asymmetric Hydrogenation of Olefins with Chiral N,P and C,N Ligands. - Ourida Saidi and Jonathan M J Williams: Iridium-catalyzed Hydrogen Transfer Reactions. - John F. Bower and Michael J. Krische: Formation of C-C Bonds via Iridium Catalyzed Hydrogenation and Transfer Hydrogenation. - Jongwook Choi, Alan S. Goldman: Ir-Catalyzed Functionalization of CH Bonds. - Mark P. Pouy and John F. Hartwig: Iridium-Catalyzed Allylic Substitution. - Daniel Carmona and Luis A. Oro: Iridium-catalyzed 1.3-dipolar cycloadditions.
|
| 650 |
|
0 |
|a Chemistry.
|
| 650 |
|
0 |
|a Organic chemistry.
|
| 650 |
|
0 |
|a Organometallic chemistry.
|
| 650 |
|
0 |
|a Catalysis.
|
| 650 |
1 |
4 |
|a Chemistry.
|
| 650 |
2 |
4 |
|a Organometallic Chemistry.
|
| 650 |
2 |
4 |
|a Catalysis.
|
| 650 |
2 |
4 |
|a Organic Chemistry.
|
| 700 |
1 |
|
|a Andersson, Pher G.
|e editor.
|
| 710 |
2 |
|
|a SpringerLink (Online service)
|
| 773 |
0 |
|
|t Springer eBooks
|
| 776 |
0 |
8 |
|i Printed edition:
|z 9783642153334
|
| 830 |
|
0 |
|a Topics in Organometallic Chemistry,
|x 1436-6002 ;
|v 34
|
| 856 |
4 |
0 |
|u http://dx.doi.org/10.1007/978-3-642-15334-1
|z Full Text via HEAL-Link
|
| 912 |
|
|
|a ZDB-2-CMS
|
| 950 |
|
|
|a Chemistry and Materials Science (Springer-11644)
|